00656cam a2200205 a 4500008004100000020002500041100002000066245004700086250001200133260003300145300003800178500002000216504004100236650003600277650005200313650005800365003000100423005001700424040000900441  a9780723436553 (hbk.)1 aCohen, Bernard.10aPediatric dermatology /cBernard A. Cohen. a4th ed. aLondon :bElservier,cc2013. axi, 290 p. :bcol. ill. ;c29 cm. aIncludes index. aIncludes bibliographical references. 0aPediatric dermatologyxAtlases.12aSkin Diseasesxin infancy & childhoodvatlases.22aSkin Manifestationsxin infancy & childhoodvatlases.20230120204229.0 cNUST